Statistics for Every Beatles No.1

Click here to take the quiz!

General Stats

  • This quiz has been taken 37 times
  • The average score is 17 of 27

Answer Stats

Released(Album)Song% Correct
Jul 1965Help!Help!
100%
Mar 1970Let It BeLet It Be
97%
Jul 1964A Hard Day’s NightA Hard Day’s Night
91%
Aug 1968(Single)Hey Jude
88%
Aug 1966RevolverYellow Submarine
82%
Oct 1969Abbey RoadCome Together
76%
Aug 1966RevolverEleanor Rigby
74%
Nov 1963(Single)I Want To Hold Your Hand
74%
Feb 1967Magical Mystery TourPenny Lane
74%
Aug 1965Help!Yesterday
71%
Apr 1969Let It BeGet Back
65%
Oct 1962Please Please MeLove Me Do
65%
May 1966(Single)Paperback Writer
62%
Dec 1965(Single)Day Tripper
59%
Nov 1967Magical Mystery TourHello, Goodbye
59%
Apr 1965Help!Ticket To Ride
59%
Aug 1963(Single)She Loves You
56%
Mar 1964A Hard Day's NightCan't Buy Me Love
53%
Feb 1968(Single)Lady Madonna
53%
Oct 1969Abbey RoadSomething
53%
Dec 1964Beatles for SaleEight Days a Week
50%
May 1970Let It BeThe Long and Winding Road
50%
Jul 1967Magical Mystery TourAll You Need Is Love
47%
May 1969(Single)The Ballad of John and Yoko
47%
Dec 1965(Single)We Can Work It Out
47%
Apr 1963(Single)From Me to You
38%
Nov 1964(Single)I Feel Fine
29%

Score Distribution

Percentile by Number Answered

Percent of People with Each Score

Your Score History

You have not taken this quiz